000 00775nam a2200205 i 4500
001 85259
003 SpMaBN
005 20260214184709.0
008 170516s1994 sp aco |||| |bspa d
020 _a84-88605-04-8
080 _a929 Armas, Alberto de
245 0 0 _aAlberto de Armas
_b: hombre, médico, político /
_c[coordinación, Manuela y Olga Álvarez de Armas].
260 _a[Madrid] :
_bSenado de España ;
_a[Santa Cruz de Tenerife] :
_bCabildo Insular,
_c[1994]
300 _a149 p. :
_bil. col. y n., retr. ;
_c25 cm.
600 1 7 _aArmas, Alberto de,
_d1930-1993
_2
_9162687
710 1 _aEspaña.
_bCortes Generales.
_bSenado.
_93674
710 1 _aTenerife.
_bCabildo Insular.
_96938
852 _aES-MaACL
_jL-31571
_z- enc. cart.
999 _c85259
_d85259